Welcome to WEB OPAC of MRSPTU Central Library

Mechanics and Caluclations of Textile Machinery (Record no. 6541)

MARC details
000 -LEADER
fixed length control field 00481nam a2200181Ia 4500
008 - FIXED-LENGTH DATA ELEMENTS--GENERAL INFORMATION
fixed length control field 230711s9999||||xx |||||||||||||| ||und||
020 ## - INTERNATIONAL STANDARD BOOK NUMBER
International Standard Book Number 978-08-570-9104-8
041 ## - LANGUAGE CODE
Language code of text/sound track or separate title ENG
082 ## - DEWEY DECIMAL CLASSIFICATION NUMBER
Classification number 677.0285
Item number GO-M
100 ## - MAIN ENTRY--PERSONAL NAME
Personal name Gokarneshan,N
245 #0 - TITLE STATEMENT
Title Mechanics and Caluclations of Textile Machinery
250 ## - EDITION STATEMENT
Edition statement 1st Ed.
260 ## - PUBLICATION, DISTRIBUTION, ETC.
Date of publication, distribution, etc. 2013
Place of publication, distribution, etc. New Delhi
Name of publisher, distributor, etc. Woodhead Publishing Pvt Ltd
300 ## - PHYSICAL DESCRIPTION
Extent 366p.
650 ## - SUBJECT ADDED ENTRY--TOPICAL TERM
Topical term or geographic name entry element Textile Engineering
700 ## - ADDED ENTRY--PERSONAL NAME
Personal name Vanwylen,Gorden J
942 ## - ADDED ENTRY ELEMENTS (KOHA)
Koha item type Book
Holdings
Withdrawn status Lost status Damaged status Not for loan Collection Home library Current library Date acquired Source of acquisition Cost, normal purchase price Inventory number Total checkouts Full call number Barcode Date last seen Date last checked out Price effective from Koha item type
          MRSPTU Central Library MRSPTU Central Library 07/06/2043 Krishna Book Distributors 2795.00 KBD/2017-2018/1019843059 1 677.0285 GO-M 38660 10/03/2023 09/18/2023 08/17/2023 Book
          MRSPTU Central Library MRSPTU Central Library 07/06/2043 Krishna Book Distributors 2795.00 KBD/2017-2018/1019843059   677.0285 GO-M 38661 08/17/2023   08/17/2023 Book
          MRSPTU Central Library MRSPTU Central Library 07/06/2043 Krishna Book Distributors 2795.00 KBD/2017-2018/1019843059 1 677.0285 GO-M 38662 10/11/2023 09/22/2023 08/17/2023 Book
          MRSPTU Central Library MRSPTU Central Library 07/06/2043 Krishna Book Distributors 2795.00 KBD/2017-2018/1019843059   677.0285 GO-M 38663 08/17/2023   08/17/2023 Book
          MRSPTU Central Library MRSPTU Central Library 07/06/2043 Krishna Book Distributors 2795.00 KBD/2017-2018/1019843059   677.0285 GO-M 38664 08/17/2023   08/17/2023 Book

Website Designed and Developed by MRSPTU Central Library Team

E-mail Id: librarian@mrsptu.ac.in